Elementos de prehistoria peruana / (Record no. 10536)

000 -CABECERA
fixed length control field 00842nam a22002057a 4500
003 - IDENTIFICADOR DEL NÚMERO DE CONTROL
control field AR-CdUCM
008 - DATOS DE LONGITUD FIJA--INFORMACIÓN GENERAL
fixed length control field 190401b ||||| |||| 00| 0 spa d
040 ## - FUENTE DE LA CATALOGACIÓN
Agencia/entidad que catalogó originalmente la obra MUNICIPALIDAD PROVINCIAL DEL CUSCO
Entidad que transcribió la catalogación BIBLIOTECA MUNICIPAL DEL CUSCO
082 ## - NÚMERO DE LA CLASIFICACIÓN DECIMAL DEWEY
No. de Clasificación 913.85 /
Notacion interna EN61 /
100 ## - ENTRADA PRINCIPAL--NOMBRE DE PERSONA
Nombre Personal Engel, Fréderic,
245 ## - MENCIÓN DE TÍTULO
Título Elementos de prehistoria peruana /
260 ## - PUBLICACIÓN, DISTRIBUCIÓN, ETC.
Lugar de publicación, distribución, etc. Lima.
300 ## - DESCRIPCIÓN FÍSICA
Nº de Páginas Extensión 64 paginas ;
Dimensiones 20 cm.
505 ## - NOTA DE CONTENIDO CON FORMATO
Nota de contenido formateada Contenido : Métodos para el adelanto de los conocimientos en el ramo de la prehistoria; técnicas arqueológicas -- Síntesis sobre el Perú prehistórico -- Visión retrospectiva de la vida prehistórica del Perú; sus elementos espirituales y materiales.
650 ## - PUNTO DE ACCESO ADICIONAL DE MATERIA--TÉRMINO DE MATERIA
Descriptor Perú
9 (RLIN) 43913
650 ## - PUNTO DE ACCESO ADICIONAL DE MATERIA--TÉRMINO DE MATERIA
Descriptor Técnicas Arqueológicas
9 (RLIN) 27466
650 ## - PUNTO DE ACCESO ADICIONAL DE MATERIA--TÉRMINO DE MATERIA
Descriptor Prehistoria Peruana
9 (RLIN) 27467
942 ## - ELEMENTOS DE PUNTO DE ACCESO ADICIONAL (KOHA)
Fuente de clasificación
Tipo de item Libros-BMC
945 ## - PROCESAMIENTO DE INFORMACIÓN LOCAL (OCLC)
Catalogador wnts
Holdings
Estado de retiro (separado) Fuente de clasificación o esquema de estanterías Estado dañado Ubicación Sala donde se ubica Nombre de la colección Fecha de adquisición o compra Costo, precio normal en soles Signatura topográfica Código de Barras Última vez visto (Koha) Tipo de ítem (Koha)
No     Sala Cusco Antiguo Sala Cusco Antiguo Book Cart 2019-04-01 35.00 913.85 / EN61 / SCA0000774 2019-04-01 Libros-BMC

Powered by Koha